Shourjo Ganguli
Ohio State A
Categories
Literature - American Literature | 1 | 3 | 0 | 1 | 45 | 47 | 98.75 | 1 | 4 |
World and Other Literature | 0 | 3 | 1 | 1 | 25 | 116 | 122.67 | 2 | 3 |
Literature - European Literature | 1 | 1 | 0 | 0 | 25 | 70 | 84.50 | 1 | 2 |
Literature - British Literature | 0 | 3 | 2 | 0 | 20 | 87 | 100.00 | 1 | 3 |
History - World History | 0 | 1 | 0 | 0 | 10 | 98 | 98.00 | 1 | 1 |
Beliefs | 1 | 1 | 3 | 0 | 10 | 15 | 62.00 | 1 | 2 |
Philosophy | 0 | 1 | 0 | 1 | 10 | 153 | 153.00 | 0 | 1 |
Social Science | 0 | 1 | 0 | 0 | 10 | 80 | 80.00 | 1 | 1 |
Current Events | 0 | 1 | 0 | 0 | 10 | 118 | 118.00 | 1 | 1 |
Fine Arts - Visual Fine Arts | 0 | 0 | 1 | 0 | -5 | 0.00 | 0 | 0 |